000 00428nam a2200157Ia 4500
008 130318s9999 xx 000 0 und d
020 _a9781412931182
082 _a658 BUC/O
100 _aBuchanan, David A
245 _aSage hand book of organizational research methods
260 _bSage
_aLondon
_c2010
300 _a738
650 _aORGANIZATIONAL BEHAVIOUR
650 _aORGANIZATIONAL RESEARCH
700 _aBryman, Alan
999 _c1898
_d1898